| 000 | 00530nam a2200169Ia 4500 | ||
|---|---|---|---|
| 005 | 20250923144629.0 | ||
| 008 | 008 250917s9999 xx 000 0 eng d | ||
| 037 | _aTextual | ||
| 040 |
_aDSWL _beng _cDSWL |
||
| 041 |
_aeng _2eng |
||
| 084 | _qDSWL | ||
| 245 | 0 |
_aUnited Nation Asia and the far east seminar on training for community development and social work, Lahore, West Pakistan _cby United Nations |
|
| 260 |
_aNew York _bUnited Nations _c1957 |
||
| 300 | _aiii,86p. | ||
| 942 | _cTEXL | ||
| 999 |
_c1441387 _d1441387 |
||